| 000 | 00373 a2200133 4500 | ||
|---|---|---|---|
| 001 | 91619 | ||
| 082 | _aPR 1586 | ||
| 090 |
_c43773 _d43772 |
||
| 100 | _aTanveer Anjum Khalid; Prof Shahzad M khan and Abdul Rehman, Advisors | ||
| 245 |
_aDecoding and Deformatting MPDR Data _n53 "B" EC |
||
| 260 |
_aRawalpindi _bNUST _c2001 |
||
| 300 | _a46p | ||
| 500 | _aBE Project Reports | ||
| 942 |
_aCAE NUST _kPR 1586 |
||
| 999 |
_c326692 _d326692 |
||